| 000 | 00594 a2200205 4500 | ||
|---|---|---|---|
| 999 |
_c7646 _d7646 |
||
| 020 | _a0853455929 (pbk.) : | ||
| 020 | _a0853455910 (hard) : | ||
| 050 | 0 | 0 | _aHX449SAU1985 |
| 245 | 0 | 2 |
_aA Difficult road : _bthe transition to socialism in Mozambique / _cedited by John S. Saul. |
| 264 |
_aNew York: _bMonthly review press, _c1985 |
||
| 300 |
_a420 p. : _bill. ; |
||
| 500 | _aincludes index | ||
| 504 | _aIncludes bibliographies. | ||
| 650 | 0 | _aSocialism | |
| 651 | 0 | _aMozambique | |
| 651 | 0 | _aMozambique | |
| 651 | 0 | _aMozambique | |
| 700 | 1 | _aSaul, John S. | |
| 942 |
_2lcc _cBK _h449 _iSAU _kHX |
||